Normal view
MARC view
- علم النفس الاكلينكي
Entry Topical Term
001 - CONTROL NUMBER
- control field: 7206
003 - CONTROL NUMBER IDENTIFIER
- control field: JO-AjAnu
005 - DATE AND TIME OF LATEST TRANSACTION
- control field: 20230606071451.0
008 - FIXED-LENGTH DATA ELEMENTS
- fixed length control field: 230606|| aca||aabn | a|a d
040 ## - CATALOGING SOURCE
- Original cataloging agency: JO-AjAnu
- Transcribing agency: JO-AjAnu
150 ## - HEADING--TOPICAL TERM
- Topical term or geographic name entry element: علم النفس الاكلينكي
670 ## - SOURCE DATA FOUND
- Source citation: Work cat.: (JO-AjAnu)3729: فهمي ، مصطفى, author 7205, علم النفس الاكلينكي